<?xml version="1.0" encoding="UTF-8"?>
<collection xmlns="http://www.loc.gov/MARC21/slim">
  <record>
    <leader>00000nam  2200000   4500</leader>
    <controlfield tag="001">INLIS000000000018974</controlfield>
    <controlfield tag="005">20250121031059</controlfield>
    <datafield tag="035" ind1="#" ind2="#">
      <subfield code="a">0010-0125000118</subfield>
    </datafield>
    <controlfield tag="007">ta</controlfield>
    <controlfield tag="008">250121###########################0#ind##</controlfield>
    <datafield tag="020" ind1="#" ind2="#">
      <subfield code="a">978-623-427-017-0</subfield>
    </datafield>
    <datafield tag="082" ind1="#" ind2="#">
      <subfield code="a">658.402</subfield>
    </datafield>
    <datafield tag="084" ind1="#" ind2="#">
      <subfield code="a">658.402 YUL a</subfield>
    </datafield>
    <datafield tag="100" ind1=" " ind2="#">
      <subfield code="a">Yulius Fransisco Angkawijaya</subfield>
    </datafield>
    <datafield tag="245" ind1="1" ind2="#">
      <subfield code="a">Analisis Instrumen Organizational Commitment-Modified dengan Pendekatan Mix Method /</subfield>
      <subfield code="c">Yulius Fransisco Angkawijaya</subfield>
    </datafield>
    <datafield tag="260" ind1="#" ind2="#">
      <subfield code="a">Sukabumi :</subfield>
      <subfield code="b">Jejak Publisher,</subfield>
      <subfield code="c">2019</subfield>
    </datafield>
    <datafield tag="300" ind1="#" ind2="#">
      <subfield code="a">iv, 100 hlm. :</subfield>
      <subfield code="b">ill. ;</subfield>
      <subfield code="c">891.3 KB</subfield>
    </datafield>
    <datafield tag="650" ind1="#" ind2="4">
      <subfield code="a">Instrumen Organizational</subfield>
    </datafield>
    <datafield tag="520" ind1="#" ind2="#">
      <subfield code="a">Komitmen organisasi pada Aparatur Sipil Negara (ASN) dipandang perlu diukur dalam kaitannya dengan berbagai dampak pada perilaku kerja yang dihasilkan. Belum adanya instrumen pengukuran komitmen organisasi khusus pada ASN membuat disusunnya instrumen Organizational Commitment ? Modified atau disingkat OCM. Instrumen ini telah disusun dalam beberapa tahap penyusunan. Buku ini bertujuan untuk mengevaluasi dan menganalisis proses penyusunan yang telah dilakukan, mulai dari desain hingga validitas dari OCM baik secara kualitatif dan kuantitatif dalam kerangka penelitian ix methode Buku ini membahas kajian yang telah dilakukan secara mendalam sehingga menghasilkan pemahaman yang komprehensif terkait penyusunan instrumen OCM.</subfield>
    </datafield>
    <datafield tag="856" ind1="#" ind2="#">
      <subfield code="a">https://web-ipustakalan.moco.co.id/book/09bd222a-9172-4508-9cd3-5a5689e1d8b9</subfield>
    </datafield>
    <datafield tag="990" ind1="#" ind2="#">
      <subfield code="a">2024/4/A/0029</subfield>
    </datafield>
    <datafield tag="990" ind1="#" ind2="#">
      <subfield code="a">2024/4/A/0030</subfield>
    </datafield>
  </record>
</collection>
